Click to Translate - Quechua - Statistics

General Stats
  • This quiz has been taken 290 times
  • The average score is 4 of 20
Answer Stats
Hint Answer % Correct
Potato Papa
62%
Goodbye Tupananchikama
51%
Sun Inti
41%
Cat Misi
24%
Good Allin
17%
One Huk
17%
Father Tayta
17%
House Wasi
15%
Eye Nawi
14%
Tree Sacha
14%
Water Yaku
14%
River Mayu
13%
See Qaway
13%
Road Ñan
12%
How Imayna
11%
Fire Nina
11%
Black Yana
11%
No Manam
10%
Today Kunan
8%
Me Ñuqa
8%
No matching quizzes found
Score Distribution
Percent of People with Each Score
Percentile by Number Answered
Your Score History
You have not taken this quiz